[Event "ICS rated standard match"]
[Site "204.178.125.65"]
[Date "2000.12.18"]
[Round "?"]
[White "Hossa"]
[Black "diep"]
[Result "1/2-1/2"]
[WhiteElo "2347"]
[BlackElo "2512"]
[PlyCount "275"]
[EventDate "2000.??.??"]

1. d4 Nf6 2. c4 e6 3. Nf3 Bb4+ 4. Nc3 b6 5. e3 Bb7 6. Bd3 O-O 7. Bd2 d5 8. cxd5
exd5 9. O-O Bd6 10. Qc2 Ba6 11. e4 Bxd3 12. Qxd3 dxe4 13. Nxe4 Nxe4 14. Qxe4
Nd7 15. Bg5 Qe8 16. Qb7 Qe2 17. Qc6 Qe6 18. Kh1 Qf5 19. Rae1 Nf6 20. Bxf6 Qxf6
21. Re2 Qf5 22. Rfe1 Rac8 23. Re4 a5 24. R1e3 Rb8 25. Re1 b5 26. R4e2 a4 27. a3
f6 28. Nh4 Qh5 29. g3 Rbd8 30. Kg1 Kh8 31. Re4 Rb8 32. f4 Rg8 33. f5 Rgd8 34.
Ng6+ hxg6 35. Rh4 Qxh4 36. gxh4 gxf5 37. h5 b4 38. Qxa4 bxa3 39. bxa3 Ra8 40.
Qc6 Rxa3 41. Re8+ Rxe8 42. Qxe8+ Kh7 43. Qg6+ Kh8 44. h6 gxh6 45. Qxh6+ Kg8 46.
Qg6+ Kh8 47. Qxf6+ Kg8 48. Qg5+ Kh8 49. Qxf5 Ra1+ 50. Kf2 Ra2+ 51. Ke3 Rxh2 52.
Qf6+ Kh7 53. Ke4 Kg8 54. Qg6+ Kf8 55. Kd5 Re2 56. Qf5+ Ke7 57. Qh7+ Kf8 58. Kc6
Rh2 59. Qg6 Rf2 60. Qh6+ Kg8 61. Qe6+ Kg7 62. Qg4+ Kf8 63. Qg6 Rb2 64. Qf6+ Ke8
65. Qe6+ Kf8 66. Qh6+ Kf7 67. Kd7 Rh2 68. Qe6+ Kg7 69. Qf5 Rh1 70. Qg4+ Kh8 71.
Qg6 Rf1 72. Kc6 Rf2 73. Kb7 Rf1 74. Qg5 Rb1+ 75. Kc8 Rh1 76. Qf6+ Kh7 77. Qf7+
Kh6 78. Qe6+ Kg7 79. Qg4+ Kh8 80. Qg6 Rh2 81. Qf7 Rb2 82. Kd7 Rh2 83. Kc6 Bg3
84. Qf6+ Kh7 85. Qe7+ Kg6 86. Qe8+ Kg5 87. Qg8+ Kh4 88. d5 Be5 89. Qg6 Bd6 90.
Qg7 Rc2+ 91. Kd7 Re2 92. Qg6 Rf2 93. Kc8 Re2 94. Qg1 Ra2 95. Qg7 Re2 96. Kd7
Kh5 97. Kc6 Be5 98. Qg1 Rc2+ 99. Kd7 Ra2 100. Ke6 Bh2 101. Qd1+ Kh4 102. Qd4+
Kh3 103. Kd7 Bd6 104. Qd3+ Kh2 105. Qg6 Rf2 106. Kc6 Rg2 107. Qd3 Rf2 108. Qh7+
Kg1 109. Qe4 Kh2 110. Qg4 Rc2+ 111. Kd7 Rf2 112. Qg5 Bf4 113. Qh4+ Kg1 114. Qh5
Bd6 115. Qh8 Kg2 116. Qc3 Re2 117. Kc6 Be5 118. Qd3 Kf2 119. Qf5+ Ke1 120. Qh7
Kf2 121. Qh3 Ke1 122. Kd7 Rd2 123. Qh4+ Kf1 124. Qh1+ Kf2 125. Qe4 Re2 126.
Qf5+ Ke1 127. Qf8 Rb2 128. Qe8 Re2 129. Qh5 Bg3 130. Qh8 Be5 131. Qh4+ Kd1 132.
Qg4 Kd2 133. Qf3 Re3 134. Qg2+ Re2 135. Qh3 Re1 136. Qh4 Ke2 137. Qh5+ Kd3 138.
Qh6 {Game drawn by the 50 move rule} 1/2-1/2

[Event "ICS rated standard match"]
[Site "204.178.125.65"]
[Date "2000.12.18"]
[Round "?"]
[White "diep"]
[Black "Hossa"]
[Result "1/2-1/2"]
[WhiteElo "2505"]
[BlackElo "2354"]
[PlyCount "154"]
[EventDate "2000.??.??"]

1. Nf3 Nf6 2. c4 g6 3. Nc3 d5 4. cxd5 Nxd5 5. Qa4+ Bd7 6. Qh4 Bc6 7. Qd4 f6 8.
e4 Nxc3 9. bxc3 Nd7 10. Qe3 e5 11. d4 Qe7 12. d5 Ba4 13. Nd2 Qf7 14. Rb1 Bc5
15. Qd3 Bd6 16. Rxb7 Nc5 17. Qc4 Nxb7 18. Qxa4+ Kf8 19. Qc6 Rb8 20. Nb3 Kg7 21.
Be3 a5 22. Bb5 f5 23. Qa6 Nd8 24. O-O f4 25. Bd2 f3 26. g3 Qe7 27. h4 Nb7 28.
Bg5 Qf8 29. Bc6 Qc8 30. Kh2 Nd8 31. Qxc8 Rxc8 32. Bxd8 Rcxd8 33. Nxa5 g5 34.
hxg5 Kg6 35. Nc4 Kxg5 36. a4 Rb8 37. a5 Rb3 38. Rc1 Kf6 39. Ba4 Rbb8 40. Bd1
Kg7 41. Bxf3 Rhf8 42. Kg2 Rb7 43. Bd1 Ra7 44. Rb1 h6 45. Bg4 Kf6 46. Bf5 h5 47.
Kf3 Rfa8 48. Be6 Kg5 49. Rb5 Kf6 50. Ke2 Kg5 51. Bf5 Kf6 52. Be6 Kg5 53. f3 Rh8
54. Rb1 h4 55. Rh1 Rh5 56. Bg4 Rh6 57. Rxh4 Rxh4 58. gxh4+ Kxh4 59. Bc8 Ra8 60.
Bb7 Rg8 61. Nxd6 cxd6 62. Kf1 Kg3 63. a6 Kxf3 64. a7 Rh8 65. Ke1 Ke3 66. Kd1
Kd3 67. Kc1 Kxc3 68. Kd1 Kd3 69. Ke1 Ke3 70. Kf1 Kf3 71. Kg1 Rg8+ 72. Kf1 Rh8
73. Ke1 Ke3 74. Kd1 Kd3 75. Kc1 Kc3 76. Kb1 Kb3 77. Kc1 Kc3 {
Game drawn by repetition} 1/2-1/2

[Event "ICS rated standard match"]
[Site "204.178.125.65"]
[Date "2000.12.18"]
[Round "?"]
[White "Hossa"]
[Black "diep"]
[Result "1/2-1/2"]
[WhiteElo "2361"]
[BlackElo "2498"]
[PlyCount "84"]
[EventDate "2000.??.??"]

1. d4 Nf6 2. c4 e6 3. Nf3 Bb4+ 4. Bd2 Qe7 5. g3 Nc6 6. Nc3 Bxc3 7. Bxc3 Ne4 8.
Qc2 Nxc3 9. Qxc3 O-O 10. Bg2 d6 11. O-O e5 12. d5 Nd8 13. c5 Bd7 14. Rfc1 e4
15. cxd6 cxd6 16. Nd2 f5 17. Qb3 Be8 18. Rc3 Bh5 19. e3 Bf7 20. f3 exf3 21.
Nxf3 Nc6 22. Rac1 Rab8 23. Nd2 Qf6 24. Rf1 Rfe8 25. g4 Ne7 26. gxf5 Nxf5 27.
Rf2 Qg5 28. e4 Nh4 29. Rg3 Qe7 30. Qc3 Bg6 31. Bh3 Rf8 32. Be6+ Kh8 33. Qe3
Rxf2 34. Qxf2 Rf8 35. Qxa7 Qf6 36. Qb6 Bxe4 37. Qe3 Qxb2 38. Qc3 Qb6+ 39. Qe3
Qb4 40. Qc3 Qb6+ 41. Qe3 Qb2 42. Qc3 Qb6+ {Game drawn by repetition} 1/2-1/2

[Event "ICS Rated standard match"]
[Site "204.178.125.65"]
[Date "2000.12.18"]
[Round "?"]
[White "diep"]
[Black "Hossa"]
[Result "1/2-1/2"]
[WhiteElo "2492"]
[BlackElo "2367"]
[PlyCount "358"]
[EventDate "2000.??.??"]

1. Nf3 Nf6 2. c4 g6 3. Nc3 d5 4. cxd5 Nxd5 5. Qa4+ Bd7 6. Qh4 Bc6 7. Qd4 f6 8.
e4 Nxc3 9. bxc3 Nd7 10. Qe3 e5 11. d4 h5 12. d5 Bc5 13. Qd3 Ba4 14. Nh4 Kf7 15.
Be2 Bd6 16. O-O Nc5 17. Qg3 Rg8 18. f3 Bc2 19. Bh6 Qd7 20. Rfc1 Qa4 21. Bb5
Qxb5 22. Rxc2 Qa4 23. Rb2 Nd3 24. Qh3 Rae8 25. Rxb7 Bc5+ 26. Kf1 Bb6 27. Rxb6
axb6 28. Be3 Qc4 29. Qd7+ Re7 30. Qc6 Nc5+ 31. Kf2 Qxc3 32. Rc1 Nd3+ 33. Kf1
Qxc6 34. Rxc6 Nb4 35. Rc4 Nxa2 36. Rc6 Nb4 37. Rc4 Nd3 38. Rc3 Nb2 39. Ke2 Ra8
40. Rc2 Na4 41. Rc4 b5 42. Rc6 b4 43. Kd2 b3 44. Kc1 Rb8 45. Rc4 b2+ 46. Kb1
Ra8 47. Rc6 Rd7 48. Bf2 g5 49. Nf5 Kg6 50. h4 gxh4 51. Nxh4+ Kh7 52. Be3 Rg7
53. Bd2 Rf7 54. Nf5 Rg8 55. Nh4 Rb8 56. Rc4 Ra8 57. Rc6 Ra7 58. Be3 Rb7 59. Rc4
Rb3 60. Rxa4 Rxe3 61. Kxb2 Re1 62. Ra7 Rd7 63. g3 Rf1 64. Kc2 Kg8 65. Ra8+ Kg7
66. Rb8 Rf7 67. Kd3 Kh7 68. Ke3 Ra1 69. Nf5 Ra3+ 70. Ke2 Ra2+ 71. Kd3 Rf2 72.
Ke3 Rc2 73. f4 exf4+ 74. Kxf4 Rc1 75. Ra8 Rf1+ 76. Ke3 Rb1 77. Kf3 Rg1 78. Kf4
Re1 79. Kf3 Rh1 80. Ke3 Rf1 81. Ke2 Rc1 82. Ke3 Rc2 83. Kf4 Rf2+ 84. Ke3 Rb2
85. Kf4 Rb4 86. Ra1 Rd7 87. Rh1 Kg8 88. Rxh5 Rh7 89. Rh4 Rb1 90. Ke3 Re1+ 91.
Kd4 Rh1 92. Kc5 Rc1+ 93. Kd4 Re1 94. Kd3 Ra1 95. Kd4 Ra4+ 96. Ke3 Ra2 97. Nd4
Rg7 98. Rh3 Ra3+ 99. Kf4 Ra1 100. Ne6 Rf1+ 101. Ke3 Re7 102. Rh4 Rc1 103. Rg4+
Kh8 104. Rf4 Rf7 105. Kd3 Rg1 106. e5 f5 107. Rf3 Rd1+ 108. Kc4 Re1 109. Ng5
Rf8 110. Ne6 Rg8 111. Rxf5 Rxg3 112. Rf8+ Kh7 113. Rf7+ Kh6 114. Rxc7 Rxe5 115.
Nd4 Rg1 116. Rc6+ Kh5 117. d6 Ra1 118. Nc2 Ra4+ 119. Kc3 Kg5 120. d7 Rd5 121.
Nb4 Rd1 122. Rc5+ Kh6 123. Nd5 Ra8 124. Rc6+ Kg5 125. Rc8 Rc1+ 126. Kb4 Rb8+
127. Rxb8 Rb1+ 128. Ka5 Rxb8 129. d8=Q+ Rxd8 130. Nc7 Rb8 131. Nd5 Kf5 132. Nc7
Ke5 133. Nb5 Kd5 134. Na7 Kc5 135. Ka6 Rb4 136. Ka5 Rb2 137. Ka6 Rb8 138. Ka5
Ra8 139. Ka6 Kd5 140. Kb6 Ke5 141. Nb5 Rc8 142. Na7 Rc3 143. Nb5 Rc2 144. Na7
Kd5 145. Nb5 Rb2 146. Ka5 Kc6 147. Na7+ Kd6 148. Nb5+ Kd5 149. Na7 Kd4 150.
Nb5+ Ke3 151. Na7 Kf3 152. Nb5 Kf4 153. Na7 Kf5 154. Nb5 Kf6 155. Na7 Rb1 156.
Nb5 Ke5 157. Na7 Kd6 158. Nb5+ Kc6 159. Na7+ Kc7 160. Nb5+ Kb7 161. Nd6+ Kc6
162. Ne4 Rb2 163. Nc3 Kd6 164. Nb5+ Kd5 165. Na7 Kd4 166. Nb5+ Ke3 167. Na7 Kf3
168. Nb5 Kf4 169. Na7 Kf5 170. Nb5 Kf6 171. Na7 Rb1 172. Nb5 Ke5 173. Na7 Kd6
174. Nb5+ Kc6 175. Na7+ Kc7 176. Nb5+ Kb7 177. Nd6+ Kc6 178. Ne4 Rb2 179. Nc3
Kd6 {Game drawn by the 50 move rule} 1/2-1/2

[Event "ICS Rated standard match"]
[Site "204.178.125.65"]
[Date "2000.12.18"]
[Round "?"]
[White "Hossa"]
[Black "diep"]
[Result "0-1"]
[WhiteElo "2373"]
[BlackElo "2486"]
[PlyCount "202"]
[EventDate "2000.??.??"]

1. e4 d5 2. exd5 Qxd5 3. Nc3 Qa5 4. d4 c6 5. Bc4 Bf5 6. Nf3 Nf6 7. O-O e6 8.
Bd2 Nbd7 9. Re1 Qc7 10. Nh4 Nb6 11. Be2 Bg6 12. a4 Bd6 13. g3 Nbd7 14. a5 O-O
15. Nxg6 hxg6 16. a6 b5 17. Bf3 Nb6 18. Ne4 Nxe4 19. Bxe4 Nc4 20. Bc1 Bb4 21.
c3 Bd6 22. b3 Nb6 23. Qf3 Nd5 24. Bg5 Rae8 25. c4 bxc4 26. bxc4 Be7 27. Bxd5
cxd5 28. Bxe7 Rxe7 29. cxd5 Qc4 30. Qa3 Rfe8 31. dxe6 Rxe6 32. Rxe6 Rxe6 33.
Qc5 Qxc5 34. dxc5 Kf8 35. Kg2 Ke7 36. Ra5 Kd7 37. f4 Kc6 38. Kf3 Rf6 39. Ke4
Rf5 40. Kd4 Rd5+ 41. Kc4 Rd2 42. h3 Rg2 43. Ra3 Rc2+ 44. Kd4 Rxc5 45. g4 Rb5
46. Ke3 Kb6 47. Ke2 Rb1 48. Kf3 Rb2 49. Ke3 Kb5 50. Ke4 Re2+ 51. Kd5 Rd2+ 52.
Ke5 Kc4 53. f5 g5 54. Ra1 Kb5 55. Ra3 Re2+ 56. Kd6 f6 57. Kc7 Rd2 58. Rb3+ Kxa6
59. Ra3+ Kb5 60. Rxa7 Rd3 61. Kb8 Rxh3 62. Rxg7 Rh4 63. Rf7 Rxg4 64. Rxf6 Kc5
65. Rg6 Kd5 66. Kc7 Ke5 67. f6 Ke6 68. Kc6 Kf7 69. Rg7+ Kxf6 70. Rg8 Ra4 71.
Kb5 Re4 72. Kc5 g4 73. Kd5 Ra4 74. Kd6 Kf5 75. Kc5 Kf4 76. Kb5 Re4 77. Rf8+ Ke3
78. Rg8 Rf4 79. Kc5 Kf2 80. Kd5 g3 81. Ke5 Rf3 82. Rc8 Re3+ 83. Kd4 g2 84. Rc2+
Re2 85. Rc1 g1=Q 86. Rxg1 Kxg1 87. Kd5 Kf2 88. Kd4 Kf3 89. Kd5 Rd2+ 90. Kc6 Rd3
91. Kb5 Rd5+ 92. Kc4 Ke4 93. Kc3 Rd4 94. Kc2 Rd3 95. Kb2 Kd4 96. Kc2 Kc4 97.
Kb2 Rd2+ 98. Kc1 Kc3 99. Kb1 Rd3 100. Kc1 Kb3 101. Kb1 Rd1# {Hossa checkmated}
0-1

[Event "ICS rated blitz match"]
[Site "204.178.125.65"]
[Date "2000.12.18"]
[Round "?"]
[White "PostModernist"]
[Black "Hossa"]
[Result "1-0"]
[WhiteElo "2632"]
[BlackElo "2533"]
[PlyCount "105"]
[EventDate "2000.??.??"]

1. d4 d5 2. Nf3 Nf6 3. e3 Bf5 4. Ne5 e6 5. Nd2 Bd6 6. g4 Bg6 7. h4 Bxe5 8. dxe5
Nfd7 9. h5 Be4 10. f3 Bxc2 11. Qxc2 Nxe5 12. b3 d4 13. Bb2 Nbc6 14. exd4 Nxd4
15. Qe4 Nec6 16. h6 g6 17. O-O-O O-O 18. Nc4 f5 19. Qe3 Qd5 20. Rxd4 Nxd4 21.
Qxd4 Qxd4 22. Bxd4 fxg4 23. fxg4 Rf4 24. Be3 Rxg4 25. Bh3 Re4 26. Bg2 Rxe3 27.
Nxe3 Rf8 28. Bxb7 Rf2 29. Rd1 Rxa2 30. Rd8+ Kf7 31. Rd7+ Kf6 32. Rxc7 Re2 33.
Ng4+ Kg5 34. Bf3 Re1+ 35. Bd1 Rxd1+ 36. Kxd1 Kxg4 37. Rxh7 Kg5 38. Rxa7 Kh5 39.
h7 Kg4 40. h8=Q Kf5 41. Ra5+ Kg4 42. Ra4+ Kf5 43. Rf4+ Kxf4 44. Qf6+ Ke4 45.
Qxe6+ Kf4 46. Qxg6 Ke5 47. b4 Kf4 48. b5 Ke5 49. b6 Kf4 50. b7 Ke5 51. b8=Q+
Kd4 52. Qb4+ Ke3 53. Qg3# {Hossa checkmated} 1-0

[Event "ICS rated blitz match"]
[Site "204.178.125.65"]
[Date "2000.12.18"]
[Round "?"]
[White "Hossa"]
[Black "PostModernist"]
[Result "0-1"]
[WhiteElo "2521"]
[BlackElo "2644"]
[PlyCount "162"]
[EventDate "2000.??.??"]

1. d4 d5 2. Nf3 Nf6 3. c4 e6 4. Nc3 c6 5. Qb3 dxc4 6. Qxc4 b5 7. Qb3 b4 8. Na4
Nbd7 9. e3 Bd6 10. Qc4 Bb7 11. Nc5 Bxc5 12. dxc5 a5 13. e4 Qe7 14. e5 Nd5 15.
Qg4 O-O 16. Be2 Nxc5 17. O-O f6 18. Bd2 Ba6 19. Bxa6 Rxa6 20. Rfd1 fxe5 21.
Nxe5 Qf6 22. Qe2 Rfa8 23. Rac1 Na4 24. Rc2 c5 25. Re1 Qf5 26. Bc1 Rd6 27. Nc4
Rc6 28. Ne5 Rc7 29. Nc4 Kh8 30. Nd6 Qg6 31. Nc4 Rcc8 32. Nd6 Rc6 33. Nc4 Qf5
34. Rd2 Nab6 35. Ne5 Rc7 36. Rd3 Nd7 37. Nxd7 Rxd7 38. Rf3 Qg6 39. Qc4 Rc7 40.
Qa6 Rcc8 41. Qd6 Rd8 42. Qxc5 Qb1 43. Rf7 Rdc8 44. Qd6 Qg6 45. Rd7 Qf6 46. Rb7
h5 47. Qg3 Rc2 48. Rb8+ Rxb8 49. Qxb8+ Kh7 50. Rf1 Qf5 51. h3 Nf6 52. Qa7 Ne4
53. Be3 Nd2 54. Rd1 Nc4 55. Rd7 Nxe3 56. Qxe3 Rxb2 57. Qd4 Rb1+ 58. Kh2 e5 59.
Rd5 exd4 60. Rxf5 Ra1 61. Rxh5+ Kg6 62. Rxa5 b3 63. Ra6+ Kh7 64. Ra5 d3 65.
Rh5+ Kg6 66. Rd5 b2 67. Rxd3 b1=Q 68. Rg3+ Kh6 69. Rg4 g5 70. Kg3 Qb8+ 71. f4
gxf4+ 72. Kf3 Qd6 73. Rxf4 Rxa2 74. g3 Qd3+ 75. Kg4 Qg6+ 76. Kf3 Ra3+ 77. Kg2
Qxg3+ 78. Kf1 Ra1+ 79. Ke2 Ra2+ 80. Kf1 Qg2+ 81. Ke1 Qe2# {Hossa checkmated}
0-1

[Event "ICS Rated blitz match"]
[Site "204.178.125.65"]
[Date "2000.12.18"]
[Round "?"]
[White "Themanfromrio"]
[Black "Hossa"]
[Result "0-1"]
[WhiteElo "2074"]
[BlackElo "2510"]
[PlyCount "48"]
[EventDate "2000.??.??"]

1. e4 e5 2. Nc3 Nc6 3. f4 exf4 4. Nf3 g5 5. h4 g4 6. Ng5 d6 7. d4 h6 8. Nxf7
Kxf7 9. Bc4+ Ke8 10. Bxf4 Bg7 11. Qd2 Bxd4 12. O-O-O h5 13. Bg5 Nf6 14. Rhf1
Be5 15. Nd5 Nxe4 16. Qd3 Nxg5 17. Qg6+ Kd7 18. hxg5 Qe8 19. Rf7+ Kd8 20. Nxc7
Ne7 21. Ne6+ Bxe6 22. Qxe6 Qd7 23. Qxd7+ Kxd7 24. g6 Rag8 {
Themanfromrio resigns} 0-1

[Event "ICS rated blitz match"]
[Site "204.178.125.65"]
[Date "2000.12.18"]
[Round "?"]
[White "Hossa"]
[Black "Themanfromrio"]
[Result "1-0"]
[WhiteElo "2512"]
[BlackElo "2072"]
[PlyCount "40"]
[EventDate "2000.??.??"]

1. e4 e6 2. d4 d5 3. e5 c5 4. c3 Nc6 5. Nf3 Bd7 6. dxc5 Bxc5 7. b4 Bb6 8. b5
Na5 9. Be2 Qc7 10. Qa4 Nc4 11. Bxc4 Qxc4 12. Qxc4 dxc4 13. Na3 Rc8 14. Nd2 Bc5
15. Ne4 Ne7 16. O-O Nd5 17. Nxc4 Bxb5 18. Ncd6+ Bxd6 19. Nxd6+ Kd7 20. Nxb5 a6
{Themanfromrio resigns} 1-0

[Event "ICS unrated blitz match"]
[Site "204.178.125.65"]
[Date "2000.12.19"]
[Round "?"]
[White "diep"]
[Black "Hossa"]
[Result "1-0"]
[WhiteElo "2744"]
[BlackElo "2514"]
[PlyCount "61"]
[EventDate "2000.??.??"]

1. e4 c5 2. Nf3 e6 3. d4 cxd4 4. Nxd4 Nf6 5. Nc3 d6 6. f4 Nc6 7. Be3 e5 8. Nxc6
bxc6 9. Bc4 Ng4 10. Bd2 Qb6 11. Qf3 Qxb2 12. Rb1 Qa3 13. Nd5 Qc5 14. Nc7+ Kd8
15. Nxa8 Qxc4 16. Ba5+ Ke7 17. Rb8 Qxa2 18. Bc3 Bd7 19. h3 Qxc2 20. O-O Nf6 21.
fxe5 dxe5 22. Bb4+ c5 23. Qb3 Bc6 24. Qxc2 Kd7 25. Rd1+ Nd5 26. exd5 Bd6 27.
Qf5+ Ke7 28. dxc6 Rd8 29. Rxd8 cxb4 30. Rd7+ Ke8 31. Qxf7# {Hossa checkmated}
1-0

[Event "ICS rated blitz match"]
[Site "204.178.125.65"]
[Date "2000.12.19"]
[Round "?"]
[White "Hossa"]
[Black "Foe-hammer"]
[Result "0-1"]
[WhiteElo "2514"]
[BlackElo "2820"]
[PlyCount "112"]
[EventDate "2000.??.??"]

1. e4 c5 2. Nf3 e6 3. d4 cxd4 4. Nxd4 a6 5. Be3 Nf6 6. Bd3 e5 7. Ne2 d5 8. exd5
Nxd5 9. Be4 Nxe3 10. Qxd8+ Kxd8 11. fxe3 Bc5 12. Nd2 f6 13. Nc4 Kc7 14. O-O-O
Be6 15. Bd5 Bg4 16. Rd2 Nc6 17. Bf3 Bxf3 18. gxf3 b5 19. Rd5 Ba7 20. Na3 Bxe3+
21. Kb1 Ne7 22. Rd3 Bc5 23. Kc1 Rhd8 24. Nb1 Rxd3 25. cxd3 Rd8 26. Kd2 Nd5 27.
a3 b4 28. Rc1 Kb6 29. Rc4 a5 30. Rh4 Be3+ 31. Kc2 Bh6 32. Kb3 Ne7 33. axb4
Rxd3+ 34. Ka4 axb4 35. Rxb4+ Kc6 36. Rb3 Rxb3 37. Kxb3 Nf5 38. Kc3 Nh4 39. f4
Bxf4 40. Nxf4 exf4 41. Nd2 f5 42. Kd4 g5 43. Ke5 f3 44. Kf6 h6 45. Kg7 f2 46.
Kxh6 g4 47. Nf1 Nf3 48. b3 Nxh2 49. Nxh2 g3 50. Nf3 f1=Q 51. Ng5 g2 52. Kh5
g1=Q 53. Kh6 Qf4 54. Kg6 Qfxg5+ 55. Kf7 Qa7+ 56. Kf8 Qae7# {Hossa checkmated}
0-1

[Event "ICS rated blitz match"]
[Site "204.178.125.65"]
[Date "2000.12.19"]
[Round "?"]
[White "BOKTA"]
[Black "Hossa"]
[Result "0-1"]
[WhiteElo "1980"]
[BlackElo "2509"]
[PlyCount "104"]
[EventDate "2000.??.??"]

1. d4 Nf6 2. Nf3 g6 3. c4 Bg7 4. Nc3 O-O 5. e4 c6 6. e5 Ne8 7. Bf4 f6 8. Be2
fxe5 9. Bxe5 Bxe5 10. Nxe5 d6 11. Nf3 Bf5 12. O-O Nf6 13. Nh4 Bd7 14. Qc2 Ne8
15. Rae1 e5 16. Nf3 exd4 17. Nxd4 Na6 18. a3 Qg5 19. Nf3 Qf4 20. Qe4 Qf6 21.
Qd4 Qxd4 22. Nxd4 Rf4 23. Nf3 Nc5 24. b4 Ne6 25. Bd3 Rf7 26. Ne4 Nf4 27. Re3 h6
28. Ng3 Nxd3 29. Rxd3 a5 30. Rfd1 axb4 31. axb4 Be6 32. Rc3 Bg4 33. Ne4 d5 34.
cxd5 cxd5 35. Ned2 Rf4 36. h3 Be6 37. b5 Nd6 38. b6 Kg7 39. Rc7+ Kf6 40. Rb1 g5
41. Nb3 Bxh3 42. gxh3 Rxf3 43. Nc5 Rxh3 44. Nxb7 Nxb7 45. Rxb7 Ra4 46. Rb5 Rg4+
47. Kf1 Rh1+ 48. Ke2 Re4+ 49. Kf3 Rh2 50. Kg3 Reh4 51. Rxd5 R4h3+ 52. Kg4 h5# {
BOKTA checkmated} 0-1

[Event "ICS rated blitz match"]
[Site "204.178.125.65"]
[Date "2000.12.19"]
[Round "?"]
[White "Hossa"]
[Black "monsoon"]
[Result "1-0"]
[WhiteElo "2510"]
[BlackElo "2487"]
[PlyCount "91"]
[EventDate "2000.??.??"]

1. e4 c5 2. Nf3 d6 3. Bb5+ Bd7 4. Bxd7+ Qxd7 5. c4 Nc6 6. d4 cxd4 7. Nxd4 g6 8.
Nxc6 Qxc6 9. Qd4 Nf6 10. Nc3 Bg7 11. O-O e5 12. Qd3 O-O 13. Bg5 Rac8 14. Qf3
Nd7 15. Nd5 Rfe8 16. Ne7+ Rxe7 17. Bxe7 Re8 18. Bg5 Nc5 19. Rfe1 f5 20. exf5
Qxf3 21. gxf3 gxf5 22. Rad1 Re6 23. Kf1 a6 24. f4 e4 25. b4 Na4 26. Rd5 h6 27.
Bd8 Nb2 28. Rxf5 Nxc4 29. Ke2 Re8 30. Bh4 Rf8 31. Rxf8+ Kxf8 32. f5 Kf7 33. Rd1
Be5 34. Bg3 Kf6 35. Bxe5+ Kxe5 36. f6 Kxf6 37. Rd4 b5 38. Rxe4 Kg5 39. a4 Kf6
40. Rh4 Ne5 41. Rxh6+ Ng6 42. axb5 axb5 43. Ke3 Kg5 44. Rh7 Kf6 45. Rb7 Ke5 46.
Rxb5+ {monsoon resigns} 1-0

[Event "ICS rated blitz match"]
[Site "204.178.125.65"]
[Date "2000.12.19"]
[Round "?"]
[White "monsoon"]
[Black "Hossa"]
[Result "0-1"]
[WhiteElo "2472"]
[BlackElo "2525"]
[PlyCount "87"]
[EventDate "2000.??.??"]

1. e4 e5 2. Nf3 Nf6 3. Nxe5 Qe7 4. Nf3 Qxe4+ 5. Qe2 Qxe2+ 6. Bxe2 Nc6 7. O-O d5
8. Bb5 a6 9. Bxc6+ bxc6 10. Re1+ Be7 11. d4 Be6 12. Nc3 h6 13. Bf4 O-O-O 14.
Ne5 Bd6 15. a4 Rde8 16. Bg3 Kb7 17. a5 Nh5 18. Ne2 Nxg3 19. Nxg3 c5 20. dxc5
Bxc5 21. Nh5 Rhg8 22. Nf4 Kc8 23. Rad1 Bb4 24. c3 Bxa5 25. Nxd5 f6 26. Ne7+
Rxe7 27. Nc6 Rge8 28. Nxa5 c5 29. Nc6 Rd7 30. f3 Rxd1 31. Rxd1 Kc7 32. Na5 Bg8
33. b3 Re2 34. Ra1 Bf7 35. h3 Rc2 36. c4 Bh5 37. Kh1 Rd2 38. Kg1 Kb6 39. Kf1
Rb2 40. Kg1 Bg6 41. Ra4 Bb1 42. b4 cxb4 43. h4 Bd3 44. h5 {monsoon resigns} 0-1

[Event "ICS Rated blitz match"]
[Site "204.178.125.65"]
[Date "2000.12.19"]
[Round "?"]
[White "Hossa"]
[Black "PostModernist"]
[Result "0-1"]
[WhiteElo "2539"]
[BlackElo "2680"]
[PlyCount "232"]
[EventDate "2000.??.??"]

1. e4 c5 2. c3 e6 3. d4 a6 4. Nf3 b5 5. Bg5 f6 6. Be3 cxd4 7. Nxd4 Bb7 8. Bd3
Nc6 9. Nxc6 dxc6 10. O-O Qd6 11. Qe2 O-O-O 12. Rd1 Qe5 13. Nd2 Qc7 14. a4 Bd6
15. g3 Qd7 16. Nb3 Qf7 17. Na5 Qe7 18. Nxb7 Qxb7 19. axb5 cxb5 20. Qg4 f5 21.
exf5 Nf6 22. Qe2 exf5 23. Bxf5+ Kb8 24. b4 Rhe8 25. Qa2 Be5 26. Bd4 Bxd4 27.
cxd4 Rd6 28. Qb3 Qd5 29. Qc2 g6 30. Bh3 Qc4 31. Qb2 Nd5 32. Ra3 Qxb4 33. Rb3
Qa5 34. Bf1 Red8 35. Ra1 Qc7 36. Rba3 Qb7 37. Bg2 Re6 38. Qa2 Rdd6 39. Bf3 Qc6
40. Qb2 Qc4 41. Rc1 Qb4 42. Rb3 Qa5 43. Kg2 Re7 44. Ra3 Qb6 45. Rca1 Qb7 46.
Kg1 Ree6 47. Qc2 Qc7 48. Qd2 Qc4 49. Qh6 Nf6 50. d5 Nxd5 51. Qxh7 Ne7 52. Qh8+
Qc8 53. Qb2 Rf6 54. Rc1 Nc6 55. Be4 Qb7 56. Rca1 Qe7 57. Re3 Rfe6 58. f3 Qa7
59. Qh8+ Rd8 60. Qh6 Red6 61. Rae1 Ne5 62. Kh1 Rd1 63. Qg5 Qc7 64. R3e2 Qc3 65.
Kg2 R8d2 66. Qe7 Qc7 67. Qf8+ Rd8 68. Qh6 Rxe1 69. Rxe1 Qd7 70. Re2 b4 71. Qg5
Qd6 72. f4 Nc4 73. Bxg6 b3 74. Qh4 b2 75. Qh7 Qc6+ 76. Kf2 Qc5+ 77. Kg2 Qc6+
78. Kf2 Nd2 79. Re1 Rd7 80. Qg8+ Ka7 81. Qe8 Kb7 82. Bc2 Qf3+ 83. Kg1 Rc7 84.
Qa4 Qc6 85. Qb4+ Qb6+ 86. Qxb6+ Kxb6 87. Re6+ Rc6 88. Rxc6+ Kxc6 89. Kg2 b1=Q
90. Bxb1 Nxb1 91. h4 Nc3 92. h5 Ne4 93. h6 Nf6 94. g4 Kd7 95. g5 Ke7 96. f5 a5
97. g6 Kf8 98. Kf3 a4 99. Kf4 a3 100. Kg5 a2 101. Kxf6 a1=Q+ 102. Kg5 Qc1+ 103.
Kh5 Qf4 104. g7+ Kg8 105. Kg6 Qh4 106. h7+ Qxh7+ 107. Kf6 Qxg7+ 108. Ke6 Qd4
109. Ke7 Qe5+ 110. Kd7 Kf7 111. Kc8 Qc3+ 112. Kb8 Ke7 113. Ka8 Qb2 114. Ka7 Kd6
115. Ka8 Kc6 116. Ka7 Qb7# {Hossa checkmated} 0-1

[Event "ICS rated blitz match"]
[Site "204.178.125.65"]
[Date "2000.12.19"]
[Round "?"]
[White "VYCMATER"]
[Black "Hossa"]
[Result "0-1"]
[WhiteElo "2313"]
[BlackElo "2529"]
[PlyCount "84"]
[EventDate "2000.??.??"]

1. c4 Nf6 2. d4 e6 3. Nc3 Bb4 4. Qc2 O-O 5. a3 Be7 6. e4 d6 7. Nf3 Nc6 8. b3
Kh8 9. Bb2 Bd7 10. O-O-O e5 11. d5 Nb8 12. h3 a5 13. g4 c5 14. Bg2 a4 15. bxa4
Qa5 16. Qd3 Bxa4 17. Nxa4 Qxa4 18. Nd2 Nfd7 19. h4 Nb6 20. g5 Qa5 21. Rh3 N8d7
22. Rg3 Na4 23. Ba1 Rfc8 24. h5 b5 25. cxb5 c4 26. Qc2 Qxb5 27. g6 Nac5 28.
Nxc4 Nxe4 29. Bxe4 Rxc4 30. Bc3 Rxa3 31. gxf7 Bg5+ 32. Rd2 Rcxc3 33. Qxc3 Rxc3+
34. Rxc3 Qa6 35. Kd1 Nf8 36. f4 Bxf4 37. Bd3 Qa5 38. Rdc2 Qxd5 39. h6 e4 40.
hxg7+ Kxg7 41. Rf2 Ne6 42. f8=Q+ Kxf8 {VYCMATER resigns} 0-1

[Event "ICS rated standard match"]
[Site "204.178.125.65"]
[Date "2000.12.19"]
[Round "?"]
[White "Mefisto5000"]
[Black "Hossa"]
[Result "0-1"]
[WhiteElo "1948"]
[BlackElo "2362"]
[PlyCount "40"]
[EventDate "2000.??.??"]

1. d4 Nf6 2. c4 e6 3. Nc3 Bb4 4. e3 d5 5. Nf3 c5 6. dxc5 O-O 7. Bd2 Bxc5 8. a3
Nc6 9. b4 Bb6 10. cxd5 exd5 11. Be2 d4 12. exd4 Nxd4 13. Nxd4 Qxd4 14. O-O Rd8
15. Be1 Qe5 16. Qc1 Ng4 17. Bxg4 Bxg4 18. Bd2 Rac8 19. Qb2 Rxd2 20. Qxd2 Bd4 {
Mefisto5000 resigns} 0-1

[Event "ICS rated standard match"]
[Site "204.178.125.65"]
[Date "2000.12.19"]
[Round "?"]
[White "Hossa"]
[Black "Mefisto5000"]
[Result "1-0"]
[WhiteElo "2365"]
[BlackElo "1945"]
[PlyCount "37"]
[EventDate "2000.??.??"]

1. e4 e6 2. d4 d5 3. e5 b6 4. Nf3 Ba6 5. Bxa6 Nxa6 6. O-O c5 7. Be3 Ne7 8. c4
Qd7 9. Qe2 Qb7 10. cxd5 Nxd5 11. Qb5+ Ke7 12. dxc5 Nxe3 13. c6 Qc8 14. fxe3 f6
15. Nc3 Nc7 16. exf6+ gxf6 17. Qb4+ Kf7 18. Ne5+ Ke8 19. Qh4 {
Mefisto5000 resigns} 1-0